R in a nutshell: a desktop quick reference
Furkejuvvon:
| Váldodahkki: | |
|---|---|
| Materiálatiipa: | Girji |
| Giella: | eaŋgalasgiella |
| Almmustuhtton: |
Sebastopol
O'Reilly
2010
|
| Fáttát: | |
| Fáddágilkorat: |
Lasit fáddágilkoriid
Eai fáddágilkorat, Lasit vuosttaš fáddágilkora!
|
MARC
| LEADER | 00000nam a2200000 a 4500 | ||
|---|---|---|---|
| 001 | UCG6593 | ||
| 003 | CL-VaPUC | ||
| 008 | 110509e20100000us |||||||||||||||||eng|d | ||
| 020 | |a 9780596801700 | ||
| 082 | 0 | 4 | |a 003.3 |b ADL |2 21 |
| 100 | 0 | |a Adler, Joseph |e author |9 556906 | |
| 245 | 1 | 0 | |a R in a nutshell: a desktop quick reference |
| 300 | |a 611 p | ||
| 942 | |c BK | ||
| 945 | |d 20110509 00:00:00 |a jcampos | ||
| 260 | |a Sebastopol |b O'Reilly |c 2010 | ||
| 650 | 0 | |a Simulación por computador |9 260988 | |
| 650 | 7 | |a SOFTWARE ESTADISTICA |2 CL-VaPUC |9 556907 | |
| 650 | 0 | |a Estadística matemática |9 260028 | |
| 650 | 0 | |a Modelos matemáticos |9 259437 | |
| 583 | |a last modification |c 20171130 02:25:11 |k Rodrigo Vera | ||
| 999 | |c 344771 |d 344769 | ||
| 952 | |0 0 |1 0 |4 0 |6 003_300000000000000_ADL_2010 |7 0 |8 A |9 442962 |a BIBGIM |b BIBGIM |d 2019-11-22 |i 4773365 |l 3 |o 003.3 ADL 2010 |p 4773365 |r 2025-01-15 |s 2024-05-16 |w 2019-11-22 |y BK |k EST | ||